Разработка методов получения радиофармацевтических лекарственных препаратов на основе 123I для медицинской диагностики: автореферат диссертации на соискание ученой степени кандидата технических наук; спец. 2.6.8
| Hovedforfatter: | |
|---|---|
| Institution som forfatter: | |
| Andre forfattere: | |
| Summary: | Заглавие с титульного экрана Электронная версия печатной публикации Защита сост. 27.12.2022 |
| Sprog: | russisk |
| Udgivet: |
Томск, 2022
|
| Fag: | |
| Online adgang: | http://earchive.tpu.ru/handle/11683/73685 |
| Format: | Electronisk Bog |
| KOHA link: | https://koha.lib.tpu.ru/cgi-bin/koha/opac-detail.pl?biblionumber=371545 |
MARC
| LEADER | 00000nlm0a2200000 4500 | ||
|---|---|---|---|
| 001 | 371545 | ||
| 005 | 20231102012405.0 | ||
| 035 | |a (RuTPU)RU\TPU\retro\28955 | ||
| 035 | |a RU\TPU\retro\28952 | ||
| 090 | |a 371545 | ||
| 100 | |a 20221026d2022 k y0rusy50 ca | ||
| 101 | 0 | |a rus | |
| 102 | |a RU | ||
| 105 | |a a dm 000zy | ||
| 135 | |a drcn ---uucaa | ||
| 181 | 0 | |a i | |
| 182 | 0 | |a b | |
| 200 | 1 | |a Разработка методов получения радиофармацевтических лекарственных препаратов на основе 123I для медицинской диагностики |e автореферат диссертации на соискание ученой степени кандидата технических наук |e спец. 2.6.8 |f А. С. Семенов |g Национальный исследовательский Томский политехнический университет ; науч. рук. В. С. Скуридин | |
| 203 | |a Текст |c электронный | ||
| 210 | |a Томск |d 2022 | ||
| 215 | |a 1 файл (675 КБ) | ||
| 230 | |a Электронные текстовые данные (1 файл : 675 КБ) | ||
| 300 | |a Заглавие с титульного экрана | ||
| 300 | |a Электронная версия печатной публикации | ||
| 300 | |a Защита сост. 27.12.2022 | ||
| 452 | 1 | |0 (RuTPU)RU\TPU\retro\34189 |t Разработка методов получения радиофармацевтических лекарственных препаратов на основе [123]I для медицинской диагностики |o автореферат диссертации на соискание ученой степени кандидата технических наук |o спец. 2.6.8 |f А. С. Семенов |g Национальный исследовательский Томский политехнический университет ; науч. рук. В. С. Скуридин |c Томск |n [Б. и.] |d 2022 |p 22 с. |a Семенов, Алексей Сергеевич | |
| 606 | 1 | |a Радиофармакология |2 stltpush |3 (RuTPU)RU\TPU\subj\80818 |9 88380 | |
| 610 | 1 | |a электронный ресурс | |
| 610 | 1 | |a авторефераты диссертаций | |
| 610 | 1 | |a труды учёных ТПУ | |
| 610 | 1 | |a получение | |
| 610 | 1 | |a радиофармацевтические лекарственные препараты | |
| 610 | 1 | |a РФЛП | |
| 610 | 1 | |a иод-123 | |
| 610 | 1 | |a радионуклидная диагностика | |
| 610 | 1 | |a ядерная медицина | |
| 610 | 1 | |a синтез | |
| 610 | 1 | |a йодорганические соединения | |
| 610 | 1 | |a мишени | |
| 610 | 1 | |a облучение | |
| 610 | 1 | |a медицинская диагностика | |
| 610 | 1 | |a биоактивные соединения | |
| 610 | 1 | |a диагностические исследования | |
| 610 | 1 | |a радионуклиды | |
| 675 | |a 615.012:539.16(04) |v 4 | ||
| 686 | |a 05.17.02 |2 oksvnk | ||
| 700 | 1 | |a Семенов |b А. С. |c специалист в области атомной энергетики |c инженер Томского политехнического университета |f 1984- |g Алексей Сергеевич |2 stltpush |3 (RuTPU)RU\TPU\pers\32937 | |
| 702 | 1 | |a Скуридин |b В. С. |c физик, специалист в области атомной энергетики |c профессор Томского политехнического университета, доктор технических наук |f 1946- |g Виктор Сергеевич |2 stltpush |3 (RuTPU)RU\TPU\pers\27551 |4 727 | |
| 712 | 0 | 2 | |a Национальный исследовательский Томский политехнический университет |b Физико-технический институт |b Лаборатория № 31 ядерного реактора |h 6471 |2 stltpush |3 (RuTPU)RU\TPU\col\20054 |
| 801 | 2 | |a RU |b 63413507 |c 20230321 |g RCR | |
| 856 | 4 | |u http://earchive.tpu.ru/handle/11683/73685 | |
| 942 | |c CF | ||